Statistics for US Open men's singles champions by country

Click here to take the quiz!

General Stats

  • This quiz has been taken 78 times
    (16 since last reset)
  • The average score is 12 of 15

Answer Stats

HintAnswer% Correct
18Australia
100%
5Spain
100%
5United kingdom
100%
85United states
100%
3France
92%
2Argentina
83%
2Serbia
83%
3Sweden
83%
6Switzerland
83%
1Croatia
75%
1Germany
75%
1Russia
75%
3Czech republic
58%
1Romania
58%
1Mexico
33%

Score Distribution

Percentile by Number Answered

Percent of People with Each Score

Your Score History

You have not taken this quiz since the last reset